Pokémon apparaissant dans POKÉTOON - Statistiques

Statistiques générales
  • Ce quiz a été pris 7 fois
  • Le résultat moyen est 49 sur 177
Statistiques - réponses
Episodes Pokémon % Correct
Baggiguane et Mimiqui Baggiguane
100%
Mimiqui
100%
Le rêve de Pandespiègle Pandespiègle
100%
Ectoplasma
80%
Léviator
80%
Un Limagma chaleureux Limagma
80%
Ne m'oublie pas, Magicarpe! Magicarpe
80%
Pikachu
80%
Rondoudou
80%
Les vacances d'été de Stalgamin Stalgamin
80%
Dracaufeu
60%
Évoli
60%
Feuforêve
60%
Pandarbare
60%
Ptitard
60%
Volcaropod
60%
Aspicot
40%
Bulbizarre
40%
Carapuce
40%
Chenipan
40%
Coconfort
40%
コアルヒーだいすき! Couaneton
40%
Croquine
40%
Dardargnan
40%
Élektek
40%
Goélise
40%
ラッキーなサファリでおにごっこ!? Leveinard
40%
Magmar
40%
Métamorph
40%
Nidoking
40%
Nidoqueen
40%
Le rêve de Capucine Nidoran ♂
40%
Nidoran ♀
40%
Nidorino
40%
Noctunoir
40%
Nymphali
40%
Papilusion
40%
Ramoloss
40%
Rhinocorne
40%
Ronflex
40%
Roucool
40%
Roucoups
40%
Salamèche
40%
Tutafeh
40%
Arbok
20%
Arcanin
20%
ドオー大量発生ちゅう? Axoloto de Paldea
20%
Azurill
20%
Babimant
20%
Badabouin
20%
Bargantua motif Bleu
20%
Bargantua motif Rouge
20%
Baudrive
20%
Bombydou
20%
Brindibou
20%
Canarticho
20%
Caninos
20%
Capumain
20%
Chétiflor
20%
ゴーゴートに乗って Chevroum
20%
Chinchidou
20%
怒りのオコリザル観察日記 Colossinge
20%
Cotovol
20%
Couafarel
20%
Courrousinge
20%
Crikzik
20%
Darumarond
20%
Darumarond de Galar
20%
Dedenne
20%
Dodrio
20%
Empiflor
20%
Fantyrm
20%
Flabébé
20%
Flambusard
20%
Floravol
20%
Florges
20%
Frissonille
20%
Glaivodo
20%
Goinfrex
20%
Gorythmic
20%
Granivol
20%
Hélédelle
20%
Héliatronc
20%
Hélionceau
20%
Joliflor
20%
Keunotor
20%
Lanssorien
20%
Lapyro
20%
Larméléon
20%
Lépidonille
20%
Lougaroc forme Diurne
20%
Malosse
20%
Manglouton
20%
Maraiste
20%
Mélancolux
20%
Mélokrik
20%
Miamiasme
20%
Migalos
20%
Mimigal
20%
Minidraco
20%
Minisange
20%
Moyade mâle
20%
Mucuscule
20%
Mystherbe
20%
Natu
20%
Ninjask
20%
Nirondelle
20%
Parecool
20%
Pérégrain
20%
Picassaut
20%
パモパモットパーモット! Pohm
20%
Pohmarmotte
20%
Pohmotte
20%
Prismillon
20%
Psykokwak
20%
Rattata
20%
Rongourmand
20%
Sabelette
20%
Salarsen forme Aigüe
20%
Salarsen forme Grave
20%
Scarabrute
20%
Spododo
20%
Statitik
20%
Terraiste
20%
Tranchodon
20%
Viskuse femelle
20%
Wailord
20%
Zébibron
20%
Apitrini
0%
Braisillon
0%
Bruyverne
0%
Cheniselle cape Plante
0%
Grimalin
0%
Grondogue
0%
Kokiyas
0%
Larveyette
0%
Lilliterelle
0%
Manzaï
0%
Moufouette
0%
Olivado
0%
Ouvrifier
0%
Passerouge
0%
Phyllali
0%
Pifeuil
0%
Psystigri
0%
Queulorior
0%
Ramboum
0%
Rozbouton
0%
Scalpereur
0%
Simularbre
0%
Skitty
0%
Smogogo de Galar
0%
Aucun quiz correspondant
Distribution des résultats
% des personnes avec chaque résultat
Percentile par nombre de réponses
Votre historique - résultats
Vous n’avez pas pris ce quiz